000 00584nam a22001817a 4500
999 _c101932
_d101932
005 20181204114922.0
010 _aENG-115666
020 _a9781107096806
_c895.00
035 _aEN-99198
037 _bDBAD/PUB
082 _a331.10954
245 _aLabour, employment and economic growth in India /
_cedited by K.V. Ramaswamy
260 _aNew Delhi
_bCambridge University Press
_c2015
270 _a4843/24,2nd Floor,Ansari Road,Daryaganj
_bNew Delhi
_e110002
300 _axviii,323p.
_c24cm(Hb)
700 _aRamaswamy,K.V.
942 _2ddc
_cEN
_h331.10954
_mLAB